LEADER 01461nam a2200337 u 4500 001 000000014992 003 CaOOAMICUS 005 20070226105829.0 008 940517c19931991it u000 u ita u 020 $a88-10-40791-1 035 $a10352187 040 $aIPA$bita 041 1 $aita$hfre 100 1 $aPaul, André.$0(OLS)http://pul/name/13840 240 10$aJudaïsme ancien et la Bible.$lItaliano.$0(OLS)http://pul/title/21515 245 13$aIl Giudaismo antico e la Bibbia /$cAndré Paul ; [trad. dal francese di Giuseppe Cestari e Anna Maria Cantoni]. 260 $aBologna :$bEdizioni Dehoniane,$c1993, c1991. 300 $axxii, 358 p. ;$c22 cm 490 1 $aCollana di studi religiosi 500 $aComprende indici e note bibliografiche. 650 4$aGiudaismo$xRaccolte.$0(OLS)http://pul/subject/10447 700 1 $aCantoni, Anna Maria.$0(OLS)http://pul/name/13842 700 1 $aCestari, Giuseppe.$0(OLS)http://pul/name/13841 830 0$aCollana di studi religiosi (Ed. Dehoniane).$0(OLS)http://pul/title/2812 850 $aPUL 852 $aPUL$W1$xSL Religione 1$y3$m7(1) D 98$j21019$nBK-PRI$b $qStampati$B21019$CPULBib$Z2$F21019 $H $81 941 1 $a8 961 $aINV: 70513 996 $6020$a88-10-40791-1$9(OLS)http://pul/number/19026 996 $6245$aIl Giudaismo antico e la Bibbia$9(OLS)http://pul/title/21516 996 $6260$aBologna :$bEdizioni Dehoniane$9(OLS)http://pul/publisher/48070 LEADER 01352nam a2200325 u 4500 001 000000079277 003 CaOOAMICUS 005 20070226123524.0 008 040528s1990 it ad u000 u ita u 020 $a8870308286 035 $a10997222 040 $aPUL$bita 041 0 $aita$hfre 100 1 $aMaritain, Jacques,$d1882-1973.$0(OLS)http://pul/name/868 240 10$aEléments de philosophie. II: L'ordre des concepts.$lItaliano.$0(OLS)http://pul/title/103798 245 10$aElementi di filosofia /$cJacques Maritain ; introduzione di Juan José Sanguineti. 260 $aMilano :$bMassimo,$cc1990. 300 $av. < 2> :$bill., diagr. ;$c24 cm 500 $aIndici in appendice. 504 $aBibliografia in nota. 505 2 $aV. II : Logica minore. 650 4$aFilosofia.$0(OLS)http://pul/subject/362 650 4$aLogica formale$xStudio e insegnamento.$0(OLS)http://pul/subject/23791 700 1 $aSanguineti, Juan José.$0(OLS)http://pul/name/38659 850 $aPUL 852 $aPUL$W1$xSL Filosofia 1$y2$m97 G 56.2$j101480$nBK-PRI$b $qStampati$B101480$CPULBib$Z2$F101480 $HPUL95204 $81 941 1 $a8 996 $6020$a8870308286$9(OLS)http://pul/number/104139 996 $6245$aElementi di filosofia$9(OLS)http://pul/title/11597 996 $6260$aMilano :$bMassimo$9(OLS)http://pul/publisher/48143